| 000 | 00820nam a2200229 a 4500 | ||
|---|---|---|---|
| 001 | 000046796 | ||
| 005 | 20201002053129.0 | ||
| 008 | 110118s2014 dr a 000 0 spa d | ||
| 020 | _a9789945163728 | ||
| 040 |
_aDO-SdBNP _bspa _cBNPHU |
||
| 082 |
_axxxx _bL864m, 2014 |
||
| 100 | 1 |
_aLópez Reyes, Óscar _9750 |
|
| 245 | 1 | 3 |
_aEl miedo escénico : _b¿qué es y cómo superarlo? / _cÓscar López Reyes ; prólogo José Miguel Gómez. |
| 250 | _a2a. ed. | ||
| 260 |
_aSanto Domingo : _bBúho, _c2014. |
||
| 300 |
_a143 p. : _bil. ; _c22 cm. |
||
| 500 | _aIncluye datos biográficos del autor en las solapas | ||
| 504 | _aIncluye referencias bibliográficas y notas al pie de las páginas | ||
| 504 | _aBibliografías : p. 139-143 | ||
| 590 | _aInventariado, 2018/ YL | ||
| 700 | 1 |
_aGómez, José Miguel, _epról. _9380 |
|
| 999 |
_c46285 _d46285 |
||